000
00216 a2200097 4500
001
34514
100
_a
Qateel Shefaie
245
_a
Jhola
260
_a
Lahore
_b
Sang-e-Meel Publications
_c
1991
090
_c
22796
_d
22796
942
_a
NUST-CAE
_c
M
_c
14220
999
_c
269587
_d
269587